000 00280nam a22001217a 4500
008 181015b xxu||||| |||| 00| 0 eng d
041 _aeng
080 _23 ED
_a321
100 _a21
101 _aPOL
245 _aModern Political Systems Europe
_cWards.m
942 _2udc
_cBK
999 _c49712
_d49712